02237cam a22004934i 4500003000900000005001700009008004100026020001500067020001800082035001900100040003300119049000900152082001900161100003200180245007500212264003900287300003800326336002100364337002500385338002300410504002800433505055500461526001001016526001001026526001001036526001001046526000801056526000801064526000801072526000801080526000801088526000801096526000801104650003101112910002801143910002801171942001401199949013101213994001401344596000601358999015601364980005501520952016801575PE-LiUPU20250731172819.0150617s1965 nyu rb 000 0 eng d a0687133394 a9780687133390 a(Sirsi) a13939 aPE-LiUPUbspacPE-LiUPUerda aPRUA04a262.1bL672211 aLindgren, Alvin J.,eautor.10aFoundations for purposeful church administration /cAlvin J. Lindgren. 1aNew York :bAbingdon Press,c1965. a302 páginas ;c24 centímetros atext2rdacontent aunmediated2rdamedia avolume2rdacarrier aIncluye bibliografía.0 aChurch administration and the contemporary scene -- Church administration and the nature of the church -- The nature and mission of the church -- A concept of purposeful church administration -- Build a spiritual foundation through worship and study -- Establish redemptive interpersonal relationships. -Provide for the creative functioning of small groups in the church -- Equip laymen for leadership and service in the church's ministry to the world -- Strengthen the church by coordinated comprehensive planning -- Utilize all available resources. aSEG42 aSEG41 aSEG40 aSEG39 aP94 aP87 aP86 aP85 aP77 aP76 aP3504aIglesiaxAdministración. ajckbjvqcjckd20150616 adbmbncfcncfd20190605 2ddccBOOK a262.1 L67wDEWEYc1i18494lCCODEBUL1mBULp00.00r0sYtBOOKu19940304xTEOLOGIAPP350COMPRAo.STAFF. Colección Teología aC0bPEPRU a1 a262.1 L67wDEWEYc4361i18494f2021-11-10g6lCCODEBUL1mBULp25.70r0sYtBOOKu2015-6-17xTEOLOGIAPP350COMPRAo.STAFF. Colección Teologíad4361 81gALBERTO SANCHEZ Responsable de Automatización r2025-12-02 00:00:00i7l0o262.1 L67p18494te1v30.70w2015-06-17xFTyBKzinventario-2023-12-13102ddc50708GENfP35aBULbBULcGENd2015-06-17eCOMPRAg25.70